| 000 | 00534nam a2200157Ia 4500 | ||
|---|---|---|---|
| 008 | 170221s9999 xx 000 0 und d | ||
| 100 | _aSam Chege Mwangi | ||
| 245 | 2 | _aA Lesson Before Dying: Embracing Innovations for Community Engagement as a Survival Strategy for Media in Crisis Sam Chege Mwangi | |
| 245 | _cSam Chege Mwangi | ||
| 260 | _bOnline Journal of Communication and Media Technologies | ||
| 260 | _c2013 | ||
| 300 | _a33 : 16 | ||
| 650 | _xCommunication | ||
| 650 | _xMedia Arts | ||
| 856 | _uhttp://www.ojcmt.net/ | ||
| 999 |
_c311139 _d311139 |
||